| 000 | 00000nam 2200000za 4500 |
| 001 | 9.822641 |
| 003 | CaOODSP |
| 005 | 20250130152229 |
| 007 | cr ||||||||||| |
| 008 | 160815s2014 oncao|| o f000 0 tir d |
| 040 | |aCaOODSP|beng |
| 043 | |an-cn--- |
| 086 | 1 |aCi44-19/2014Tir-PDF |
| 245 | 00|a[Privately Sponsored Refugee resettlement in Canada |h[electronic resource] : |binformation bulletin]. |
| 250 | |a[Tigrinya edition]. |
| 260 | |a[Ottawa] : |bCitizenship and Immigration Canada, |c2014. |
| 300 | |a7 p. : |bcol. ill. |
| 500 | |a"Tigrinya." |
| 500 | |a"PSR." |
| 500 | |aEnglish title supplied by the publisher. |
| 500 | |aIssued also in French, Amhari, Arabic, Farsi, Dari, Nepali, Oromo, Somali, Spanish, and Swahili. |
| 500 | |aIssued also in English under title: Privately Sponsored Refugee resettlement in Canada: information bulletin. |
| 520 | 0 |aThis bulletin, written in Tigrinya, provides information about the steps in the resettlement process once a Privately Sponsored Refugee (PSR) has been accepted, and gives more information about Canada. Includes information on resettling the family, immigration status, where to live in Canada, Canadian society, sponsoring the family, finding a job, expenses, school, dental care, food and water, religion, and weather. |
| 546 | |aText in Tigrinya. |
| 692 | 07|2gccst|aRefugees |
| 692 | 07|2gccst|aImmigrants |
| 692 | 07|2gccst|aFederal programs |
| 710 | 1 |aCanada. |bCitizenship and Immigration Canada. |
| 775 | 08|tPrivately Sponsored Refugee resettlement in Canada |w(CaOODSP)9.822304 |
| 792 | |t[Réfugiés parrainés par le secteur privé, réinstallation des réfugiés au Canada |efre|w(CaOODSP)9.822642 |
| 794 | |t[Privately Sponsored Refugee Program] : |b2019|w(CaOODSP)9.880378 |
| 856 | 40|qPDF|s1.69 MB|uhttps://publications.gc.ca/collections/collection_2016/ircc/Ci44-19-2014-tir.pdf |